50 Shows, 5 Networks: 2000s (Clickable) Quiz Stats

 Plays Quiz not verified by Sporcle

Challenge
Share
Tweet
Embed
Score 0/50 Timer 08:00
0 Plays Today
% Correct
The Big Bang Theory
91.2%
The Amazing Race
88.5%
The Apprentice
81.4%
Criminal Minds
78%
Desperate Housewives
76%
Cold Case
75.7%
American Dad!
75.7%
8 Simple Rules for Dating My Teenage Daughter
74%
The Mentalist
70.6%
Chuck
70.6%
Arrested Development
70.3%
Gilmore Girls
68.9%
Ugly Betty
68.6%
One Tree Hill
68.6%
Heroes
67.9%
Smallville
67.9%
The Cleveland Show
67.9%
Extreme Makeover: Home Edition
66.2%
Without a Trace
65.9%
My Name Is Earl
65.9%
Alias
65.5%
Prison Break
65.2%
Numb3rs
64.9%
The Bernie Mac Show
64.9%
The New Adventures of Old Christine
63.5%
% Correct
Supernatural
61.8%
Everwood
61.5%
Kitchen Nightmares
59.1%
Las Vegas
57.8%
Crossing Jordan
57.8%
Fringe
55.7%
Reba
55.4%
Pushing Daisies
54.7%
Boston Public
53.7%
Yes, Dear
53.4%
Medium
52.4%
My Wife and Kids
51.4%
Knight Rider
50.7%
American Dreams
49.7%
Firefly
47%
Blue Collar TV
46.6%
Drew Carey's Green Screen Show
44.3%
Jericho
43.2%
Surreal Life
43.2%
Minute to Win It
39.5%
Commander in Chief
39.2%
FlashForward
37.2%
Birds of Prey
35.5%
Life on Mars
30.4%
The War at Home
18.6%

You're not logged in!

Compare scores with friends on all Sporcle quizzes.
OR
Log In

You Might Also Like...

Show Comments

Extras

Top Quizzes Today


Score Distribution

Your Account Isn't Verified!

In order to create a playlist on Sporcle, you need to verify the email address you used during registration. Go to your Sporcle Settings to finish the process.

Report this User

Report this user for behavior that violates our Community Guidelines.

Details: